Marhaba : Grand manuel d'arabe (notice n° 2153056)

détails MARC
000 -LEADER
fixed length control field 00961cam a2200157 4500500
005 - DATE AND TIME OF LATEST TRANSACTION
control field 20260405032219.0
041 ## - LANGUAGE CODE
Language code of text/sound track or separate title fre
042 ## - AUTHENTICATION CODE
Authentication code dc
100 10 - MAIN ENTRY--PERSONAL NAME
Personal name Guellati, Amel
Relator term author
245 00 - TITLE STATEMENT
Title Marhaba : Grand manuel d'arabe
260 ## - PUBLICATION, DISTRIBUTION, ETC.
Name of publisher, distributor, etc. Armand Colin,<br/>
Date of publication, distribution, etc. 2022.<br/>
520 ## - SUMMARY, ETC.
Summary, etc. L’arabe est sans doute la langue étrangère la plus parlée en France. Langue de l’Islam, langue d’un grand espace économique et politique, elle n’est pas moins langue de culture avant tout. Ce Grand manuel de langue et civilisation arabes propose une initiation progressive et structurée à l’arabe littéral moderne comme vecteur de culture à la fois classique et populaire, enracinée dans l’histoire multiple des peuples arabophones et ouverte à la modernité.
700 10 - ADDED ENTRY--PERSONAL NAME
Personal name Horchani, Inès
Relator term author
700 10 - ADDED ENTRY--PERSONAL NAME
Personal name Klibi, Isabelle
Relator term author
856 41 - ELECTRONIC LOCATION AND ACCESS
Uniform Resource Identifier <a href="https://shs.cairn.info/marhaba-grand-manuel-d-arabe--9782200624477?lang=fr&redirect-ssocas=7080">https://shs.cairn.info/marhaba-grand-manuel-d-arabe--9782200624477?lang=fr&redirect-ssocas=7080</a>

Pas d'exemplaire disponible.

PLUDOC

PLUDOC est la plateforme unique et centralisée de gestion des bibliothèques physiques et numériques de Guinée administré par le CEDUST. Elle est la plus grande base de données de ressources documentaires pour les Étudiants, Enseignants chercheurs et Chercheurs de Guinée.

Adresse

627 919 101/664 919 101

25 boulevard du commerce
Kaloum, Conakry, Guinée

Réseaux sociaux

Powered by Netsen Group @ 2025